|
|
|
|
| LEADER |
00000nam0a2200000 4500 |
| 001 |
291662 |
| 005 |
20231102000418.0 |
| 035 |
|
|
|a (RuTPU)RU\TPU\book\316240
|
| 090 |
|
|
|a 291662
|
| 100 |
|
|
|a 20150416d1980 m y0rusy50 ca
|
| 101 |
0 |
|
|a rus
|
| 102 |
|
|
|a RU
|
| 105 |
|
|
|a a j 000zy
|
| 200 |
1 |
|
|a Сборник задач по курсу "Организация, планирование и управление машиностроительным предприятием"
|e учебное пособие для вузов
|f под ред. В. А. Летенко, Б. Н. Родионовой
|
| 210 |
|
|
|a Москва
|c Высшая школа
|d 1980
|
| 215 |
|
|
|a 263 с.
|c ил.
|
| 606 |
1 |
|
|a Машиностроение
|x Экономика
|2 stltpush
|3 (RuTPU)RU\TPU\subj\41496
|9 61286
|
| 610 |
1 |
|
|a организация производства
|
| 610 |
1 |
|
|a планирование
|
| 610 |
1 |
|
|a управление
|
| 610 |
1 |
|
|a поточное производство
|
| 610 |
1 |
|
|a ремонтное хозяйство
|
| 610 |
1 |
|
|a складское хозяйство
|
| 610 |
1 |
|
|a внутризаводское планирование
|
| 610 |
1 |
|
|a задачи
|
| 610 |
1 |
|
|a учебные пособия
|
| 675 |
|
|
|a 621.002:658(076)
|v 3
|
| 702 |
|
1 |
|a Летенко
|b В. А.
|4 340
|
| 702 |
|
1 |
|a Родионова
|b Б. Н.
|4 340
|
| 801 |
|
1 |
|a RU
|b 63413507
|c 20150416
|
| 801 |
|
2 |
|a RU
|b 63413507
|c 20220601
|g RCR
|
| 942 |
|
|
|c BK
|